| 000 | 00576cam a22001457a 4500 | ||
|---|---|---|---|
| 008 | 180718b2007 xxu||||| |||| 00| 0 eng d | ||
| 082 | _aAPPPA 2007-08 | ||
| 100 | _aSharma, Jojneswar | ||
| 245 |
_aUses of scientific aids in crime investigation: use of DNA typing, brain-mapping, nacro-analysis, computer forensics etc _cby Jojneswar Sharma |
||
| 260 |
_aNew Delhi _bIndian Institute of Public Administration _c2007 |
||
| 300 | _a172p. | ||
| 500 | _aAn APPPA M.Phil dissertation, 2006-07 (Guide: Prof. S.S. Singh) | ||
| 650 | _aCrime investigation | ||
| 650 | _aScientific aids | ||
| 999 |
_c493518 _d493518 |
||